[Event "Kronborg Chess Open GM 2026"]
[Site "Helsingor"]
[Date "2026.05.13"]
[Round "1.1"]
[White "Pajeken, Jakob Leon"]
[Black "Medhus, Vitus Bondo"]
[Result "1-0"]
[WhiteElo "2472"]
[BlackElo "2406"]
[WhiteFideId "12942839"]
[BlackFideId "1462547"]
[EventDate "2026.05.13"]
[EventType "tourn"]
[EventRounds "9"]
[EventCountry "DEN"]
[SourceTitle "Live v Helsingor Chess Club"]

1. Nf3 d5 2. e3 c5 3. b3 Nf6 4. Bb2 e6 5. c4 Be7 6. cxd5 exd5 7. Be2 O-O 8. O-O Nc6 9. d4 Bg4 10. dxc5 Bxc5 11. Nc3 a6 12. Rc1 Ba7 13. h3 Bf5 14. Na4 Qd6 15. Bxf6 Qxf6 16. Qxd5 Rac8 17. Qd2 b5 18. Nc3 Rfd8 19. Nd5 Qe6 20. Rfd1 Kh8 21. Ng5 Qg6 22. Rxc6 Qxg5 23. Rxc8 Bxc8 24. Qc2 Bf5 25. Qc7 Bb8 26. Qxf7 Bxh3 27. Bf3 Bc8 28. Ne7 Bd7 29. Rxd7 Bh2+ 30. Kxh2 Qe5+ 31. g3 Rb8 32. Nc6 Qb2 33. Nxb8 Qxf2+ 34. Bg2 1-0

[Event "Kronborg Chess Open GM 2026"]
[Site "Helsingor"]
[Date "2026.05.13"]
[Round "1.2"]
[White "Kaasen, Tor Fredrik"]
[Black "Sipila, Vilka"]
[Result "1-0"]
[WhiteElo "2477"]
[BlackElo "2471"]
[WhiteFideId "1516647"]
[BlackFideId "505455"]
[EventDate "2026.05.13"]
[EventType "tourn"]
[EventRounds "9"]
[EventCountry "DEN"]
[SourceTitle "Live v Helsingor Chess Club"]

1. d4 Nf6 2. c4 e6 3. g3 d5 4. Bg2 Bb4+ 5. Nd2 O-O 6. Nf3 b6 7. O-O Be7 8. b3 Bb7 9. Ne5 Nbd7 10. Nxd7 Qxd7 11. Bb2 Rfd8 12. Rc1 c5 13. dxc5 Bxc5 14. Bxf6 gxf6 15. e3 Rac8 16. Qg4+ Kh8 17. Rfd1 Ba3 18. Rb1 Bf8 19. cxd5 Bxd5 20. Nc4 Qb7 21. Bxd5 Rxd5 22. Rxd5 Qxd5 23. Rd1 Qc6 24. a4 a6 25. Qd4 Qf3 26. Qd7 b5 27. Rd4 Rb8 28. Na5 bxa4 29. Qc7 Ra8 30. bxa4 Kg8 31. Nc6 Qf5 32. Nd8 1-0

[Event "Kronborg Chess Open GM 2026"]
[Site "Helsingor"]
[Date "2026.05.13"]
[Round "1.3"]
[White "Hector, Jonny"]
[Black "Ostensen, Nicolai Maxime"]
[Result "1/2-1/2"]
[WhiteElo "2408"]
[BlackElo "2405"]
[WhiteFideId "1700090"]
[BlackFideId "1546970"]
[EventDate "2026.05.13"]
[EventType "tourn"]
[EventRounds "9"]
[EventCountry "DEN"]
[SourceTitle "Live v Helsingor Chess Club"]

1. e4 c5 2. Nf3 Nc6 3. Bb5 g6 4. O-O Bg7 5. c3 Nf6 6. Re1 O-O 7. h3 e5 8. Na3 d6 9. d4 cxd4 10. cxd4 Nxd4 11. Nxd4 exd4 12. Bf4 Be6 13. Bf1 a6 14. Nc2 Nh5 15. Bc1 Qf6 16. Qd2 Rac8 17. Bd3 Qh4 18. Qg5 Qxg5 19. Bxg5 Rc5 20. Bd2 Rfc8 21. Nb4 Nf6 22. Bf1 Nd7 23. Rad1 Ne5 24. f4 Nc6 25. Bd3 a5 26. Nxc6 R5xc6 27. b3 a4 28. bxa4 Bxa2 29. Bb5 Rc2 30. Bb4 Rd8 31. Ba5 Ra8 32. Bb6 Bb3 33. Bxd4 Bxa4 34. Bxg7 Bxb5 35. Ra1 Rxa1 36. Bxa1 Bc6 37. Bf6 Kf8 38. Rd1 Re2 39. Rxd6 Rxe4 40. g3 Re6 41. Rxe6 fxe6 42. Kf2 Ke8 43. Ke3 Bg2 44. h4 Kd7 45. Kd4 Kd6 46. h5 gxh5 47. Kc4 Bd5+ 48. Kb4 Kc6 49. Bh4 b5 50. Bf6 1/2-1/2

[Event "Kronborg Chess Open GM 2026"]
[Site "Helsingor"]
[Date "2026.05.13"]
[Round "1.4"]
[White "Eugene, Floryan"]
[Black "Kunin, Vitaly"]
[Result "0-1"]
[WhiteElo "2489"]
[BlackElo "2507"]
[WhiteFideId "20694784"]
[BlackFideId "4128737"]
[EventDate "2026.05.13"]
[EventType "tourn"]
[EventRounds "9"]
[EventCountry "DEN"]
[SourceTitle "Live v Helsingor Chess Club"]

1. e4 c5 2. Nf3 Nc6 3. Bb5 e5 4. O-O Bd6 5. c3 a6 6. Ba4 b5 7. Bb3 c4 8. Bc2 Nf6 9. d3 cxd3 10. Qxd3 Bc7 11. Rd1 h6 12. Be3 d6 13. Nbd2 O-O 14. h3 Rb8 15. Nf1 Ne7 16. Ng3 Ng6 17. Qd2 Re8 18. a4 Be6 19. axb5 axb5 20. Ra6 Ra8 21. Rda1 Rxa6 22. Rxa6 Qc8 23. Ra7 Nf4 24. Bxf4 exf4 25. Qxf4 b4 26. Qd2 Bb6 27. Ra4 bxc3 28. bxc3 Qc7 29. Nd4 Bd7 30. Ra6 d5 31. exd5 Nxd5 32. Bb3 Bc8 33. Ra2 Nxc3 34. Rc2 Ba5 35. Qd3 Bb7 36. Qf5 Re7 37. Kh2 Be4 38. Rxc3 Bxc3 39. Nb5 Qxg3+ 40. Kxg3 Bxf5 41. Nxc3 Ra7 42. Nb5 Rb7 43. Nd4 Be4 44. Bc2 Rb4 45. Bxe4 Rxd4 46. Kf4 g5+ 47. Ke3 Ra4 48. g3 Kg7 49. Kf3 Kf6 50. Bc6 Ra6 51. Bb7 Rb6 52. Bd5 Ke5 53. Ba8 f5 54. Kg2 Rb4 55. Bc6 h5 56. Bf3 h4 57. gxh4 Rxh4 58. Bc6 Kf4 59. Bd5 Rh8 60. Bc6 Rc8 61. Bd5 Rc2 62. Bb7 Rc3 63. Bd5 Ke5 64. Bf3 Kd4 65. Be2 Ra3 66. Bb5 Rb3 67. Bd7 Ke4 68. Bc6+ Kd3 69. Bd7 Ke4 70. Bc6+ Ke5 71. Bf3 Rd3 72. Bb7 Rd4 73. Kg3 Rb4 74. Bc6 Rc4 75. Bf3 Kd4 76. Be2 Rc3+ 77. Kg2 Rc8 78. Bb5 Kc3 79. Bd7 Rc5 80. h4 gxh4 81. Kh3 Kd3 82. Kxh4 Ke4 83. Kg5 f4+ 84. Kg4 Rc3 85. Bf5+ Ke5 86. Bg6 Rb3 87. Be8 Rb2 88. Kf3 Kf5 89. Bc6 Rd2 90. Bb7 Rd3+ 91. Kg2 Rc3 92. Bd5 Rc5 93. Bb7 Rc7 94. Bf3 Rg7+ 95. Kf1 Kg5 96. Bd5 Rd7 97. Bc6 Rd3 98. Ke2 Rc3 99. Bd5 Kh4 100. Be6 f3+ 101. Kd2 Ra3 102. Bf5 Kg5 103. Bd3 Kf4 104. Bc4 Ra7 105. Bb5 Re7 106. Bd3 Kg4 107. Bf1 Re5 108. Kd1 Ra5 109. Kd2 Ra1 110. Bc4 Kh3 111. Ke3 Kg2 112. Bd5 Ra3+ 113. Kd4 0-1

[Event "Kronborg Chess Open GM 2026"]
[Site "Helsingor"]
[Date "2026.05.13"]
[Round "1.5"]
[White "Chatalbashev, Boris"]
[Black "Wang, Hao(ZJ)"]
[Result "0-1"]
[WhiteElo "2530"]
[BlackElo "2426"]
[WhiteFideId "2900440"]
[BlackFideId "8631859"]
[EventDate "2026.05.13"]
[EventType "tourn"]
[EventRounds "9"]
[EventCountry "DEN"]
[SourceTitle "Live v Helsingor Chess Club"]

1. Nf3 d5 2. g3 Nf6 3. Bg2 e6 4. O-O Be7 5. d3 c5 6. Nbd2 Nc6 7. e4 dxe4 8. dxe4 Qc7 9. Nc4 e5 10. Nfd2 h5 11. Ne3 Bg4 12. f3 Be6 13. f4 exf4 14. gxf4 O-O-O 15. h3 g5 16. f5 Bd7 17. Nd5 Nxd5 18. exd5 Nd4 19. f6 Bd6 20. Ne4 Bh2+ 21. Kh1 g4 22. h4 Rhe8 23. c4 Bf5 24. Ng5 Qg3 25. Nxf7 Re2 26. Qxe2 Nxe2 27. Bg5 Bg1 28. Rxg1 Be4 0-1

[Event "Kronborg Chess Open GM 2026"]
[Site "Helsingor"]
[Date "2026.05.13"]
[Round "2.1"]
[White "Pajeken, Jakob Leon"]
[Black "Kaasen, Tor Fredrik"]
[Result "1/2-1/2"]
[WhiteElo "2472"]
[BlackElo "2477"]
[WhiteFideId "12942839"]
[BlackFideId "1516647"]
[EventDate "2026.05.13"]
[EventType "tourn"]
[EventRounds "9"]
[EventCountry "DEN"]
[SourceTitle "Live v Helsingor Chess Club"]

1. Nf3 d5 2. e3 Nf6 3. c4 e6 4. b3 Bd6 5. Bb2 O-O 6. Nc3 Re8 7. Rc1 a6 8. d4 c6 9. Bd3 Be7 10. O-O Nbd7 11. Re1 Ne4 12. Ne2 Rb8 13. Rb1 Bd6 14. Rf1 Bf8 15. Re1 Bd6 16. Rf1 Bf8 17. Re1 1/2-1/2

[Event "Kronborg Chess Open GM 2026"]
[Site "Helsingor"]
[Date "2026.05.13"]
[Round "2.2"]
[White "Sipila, Vilka"]
[Black "Hector, Jonny"]
[Result "0-1"]
[WhiteElo "2471"]
[BlackElo "2408"]
[WhiteFideId "505455"]
[BlackFideId "1700090"]
[EventDate "2026.05.13"]
[EventType "tourn"]
[EventRounds "9"]
[EventCountry "DEN"]
[SourceTitle "Live v Helsingor Chess Club"]

1. e4 e5 2. Nf3 Nc6 3. d4 exd4 4. Nxd4 Nf6 5. Nxc6 bxc6 6. e5 Qe7 7. Qe2 Nd5 8. g3 f6 9. c4 Ba6 10. e6 O-O-O 11. Bh3 Kb8 12. b3 dxe6 13. O-O e5 14. Bg2 h5 15. Qe4 h4 16. Bd2 hxg3 17. hxg3 Qf7 18. cxd5 Qh5 19. Qh4 Qxh4 20. gxh4 Bxf1 21. Kxf1 cxd5 22. Ba5 Rd7 23. Nc3 d4 24. Ne4 Rxh4 25. Rc1 Kc8 26. Ke1 Be7 27. Rc6 Rh2 28. Bf1 Rh1 29. Ng3 Kb7 30. Rc1 Rg1 31. Kd2 f5 32. Re1 Rd5 33. Bc4 Rxa5 34. Rxg1 Rxa2+ 35. Kd3 Rxf2 36. Bd5+ c6 37. Be6 Rf3+ 38. Ke2 Re3+ 39. Kd1 g6 40. Nf1 Rf3 41. Nd2 Rf2 42. Rxg6 Bb4 43. Rg7+ Kb8 44. Nc4 d3 45. Rg8+ Kb7 46. Rg7+ Ka6 47. Ne3 f4 48. Bc4+ Kb6 49. Bxd3 Rd2+ 50. Kc1 fxe3 51. Rg4 Ba3+ 52. Kb1 Rxd3 53. Kc2 Rd2+ 54. Kc3 Bb2+ 0-1

[Event "Kronborg Chess Open GM 2026"]
[Site "Helsingor"]
[Date "2026.05.13"]
[Round "2.3"]
[White "Ostensen, Nicolai Maxime"]
[Black "Eugene, Floryan"]
[Result "0-1"]
[WhiteElo "2405"]
[BlackElo "2489"]
[WhiteFideId "1546970"]
[BlackFideId "20694784"]
[EventDate "2026.05.13"]
[EventType "tourn"]
[EventRounds "9"]
[EventCountry "DEN"]
[SourceTitle "Live v Helsingor Chess Club"]

1. e4 c5 2. Nf3 Nc6 3. d4 cxd4 4. Nxd4 Nf6 5. Nc3 d6 6. Bc4 e6 7. Be3 Bd7 8. Qe2 a6 9. Bb3 Na5 10. O-O-O b5 11. a3 Be7 12. Ba2 Rc8 13. Rd3 O-O 14. f4 Nc4 15. Bf2 Qa5 16. Nb3 Qc7 17. g4 d5 18. e5 Ne4 19. Nxe4 dxe4 20. Rh3 Bc6 21. Rd1 Rfd8 22. Nd4 Bd5 23. Bxc4 Qxc4 24. Qxc4 Bxc4 25. Re1 Bd3 26. Kb1 Bxc2+ 27. Nxc2 Rd2 28. Nd4 Rxf2 29. Rxe4 Rc4 30. Rd3 Rxh2 31. f5 h5 32. fxe6 fxe6 33. gxh5 Rxh5 34. Re2 Rc5 35. Nf3 Rc7 36. Rg2 Rh3 37. Rgd2 Rg3 38. Nd4 Rxd3 39. Rxd3 Rc5 40. Re3 Bg5 41. Re2 Kf7 42. Rf2+ Ke7 43. Rg2 Bh6 44. Rg4 Kd7 45. Re4 Rc1+ 46. Ka2 Rd1 47. a4 bxa4 48. Nc2 Rd5 49. Nb4 Rb5 50. Nd3 a5 51. Rxa4 Rd5 52. Ra3 Bd2 53. Kb1 g5 54. Kc2 Be3 55. Rb3 Ke7 56. Rb7+ Rd7 57. Rb8 Kf7 58. Rh8 Kg6 59. Rh3 Bd4 60. Rf3 Rf7 61. Rg3 Rf5 62. Rg4 Bxe5 63. Nc5 Bxb2 64. Nxe6 Bf6 65. Rg2 Kf7 66. Re2 g4 67. Kd3 a4 68. Nc7 a3 69. Rg2 g3 70. Na6 Rf2 0-1

[Event "Kronborg Chess Open GM 2026"]
[Site "Helsingor"]
[Date "2026.05.13"]
[Round "2.4"]
[White "Kunin, Vitaly"]
[Black "Chatalbashev, Boris"]
[Result "1/2-1/2"]
[WhiteElo "2507"]
[BlackElo "2530"]
[WhiteFideId "4128737"]
[BlackFideId "2900440"]
[EventDate "2026.05.13"]
[EventType "tourn"]
[EventRounds "9"]
[EventCountry "DEN"]
[SourceTitle "Live v Helsingor Chess Club"]

1. d4 Nf6 2. c4 g6 3. Nc3 Bg7 4. e4 d6 5. Be2 O-O 6. Bg5 c5 7. d5 e6 8. Qd2 exd5 9. exd5 Qb6 10. Nf3 Bf5 11. Rc1 Ne4 12. Nxe4 Bxe4 13. b3 Bxf3 14. Bxf3 Re8+ 15. Be2 a5 16. O-O a4 17. bxa4 Rxa4 18. Bd1 Ra8 19. Bb3 Nd7 20. Rce1 Re5 21. Bf4 Rxe1 22. Rxe1 Ne5 23. h3 h5 24. Kh1 Qd8 25. Bg5 Bf6 26. Be3 h4 27. Bf4 Qd7 28. Bxe5 Bxe5 29. Qg5 Kg7 30. Kg1 Re8 31. Kf1 Bf6 32. Qf4 Rxe1+ 33. Kxe1 b5 34. cxb5 Qxb5 35. Qc4 Qa5+ 36. Ke2 Qa3 37. Qc2 Bd4 38. Kf1 Qb4 39. Bc4 f5 40. Bb3 Be5 41. Bc4 Kf6 42. Ke2 Qa3 43. Bb3 Bd4 44. Kf1 Be5 45. Ke2 Bd4 1/2-1/2

[Event "Kronborg Chess Open GM 2026"]
[Site "Helsingor"]
[Date "2026.05.13"]
[Round "2.5"]
[White "Medhus, Vitus Bondo"]
[Black "Wang, Hao(ZJ)"]
[Result "1/2-1/2"]
[WhiteElo "2406"]
[BlackElo "2426"]
[WhiteFideId "1462547"]
[BlackFideId "8631859"]
[EventDate "2026.05.13"]
[EventType "tourn"]
[EventRounds "9"]
[EventCountry "DEN"]
[SourceTitle "Live v Helsingor Chess Club"]

1. e4 e5 2. Nf3 Nc6 3. Bb5 Nf6 4. O-O Nxe4 5. Re1 Nd6 6. Nxe5 Be7 7. Bf1 Nxe5 8. Rxe5 O-O 9. d4 Bf6 10. Re1 Re8 11. Bf4 Rxe1 12. Qxe1 Bxd4 13. Bxd6 cxd6 14. Nc3 Be5 15. Qe4 g6 16. Bc4 Rb8 17. Re1 b5 18. Bxf7+ Kg7 19. Bd5 b4 20. Nd1 Rb5 21. Re3 Qg5 22. h4 Qf5 23. Qxf5 gxf5 24. Rd3 Rc5 25. Rd2 f4 26. f3 Ba6 27. Bb3 Kf8 28. c3 bxc3 29. Nxc3 Bb7 30. Kf2 Ke7 31. Nd5+ Bxd5 32. Bxd5 Bxb2 33. Be4 Bc1 34. Rd5 h6 35. g4 fxg3+ 36. Kxg3 Ke6 37. Rd4 d5 38. Bg6 Rc4 39. Rg4 Ke5 40. Kf2 Bf4 41. Rg1 Ra4 42. Re1+ Kf6 43. Bb1 Rb4 44. Bd3 Be5 45. Rb1 Rxh4 46. Rb7 d6 47. Rh7 a5 48. Bb5 Rh2+ 49. Ke3 Kg6 50. Bd3+ Kg5 51. Rf7 d4+ 52. Ke4 Rh4+ 53. f4+ Rxf4+ 54. Rxf4 Bxf4 55. Kxd4 h5 56. Be4 Kg4 57. Kd3 a4 58. Bc6 a3 59. Bb7 h4 60. Bc6 h3 61. Bb7 Kg3 62. Ke2 Kh2 63. Kf1 Be3 64. Bc6 Ba7 65. Bb7 d5 66. Bxd5 Bf2 67. Kxf2 1/2-1/2

[Event "Kronborg Chess Open GM 2026"]
[Site "Helsingor"]
[Date "2026.05.14"]
[Round "3.1"]
[White "Hector, Jonny"]
[Black "Pajeken, Jakob Leon"]
[Result "0-1"]
[WhiteElo "2408"]
[BlackElo "2472"]
[WhiteFideId "1700090"]
[BlackFideId "12942839"]
[EventDate "2026.05.13"]
[EventType "tourn"]
[EventRounds "9"]
[EventCountry "DEN"]
[SourceTitle "Live v Helsingor Chess Club"]

1. e4 e5 2. Nf3 Nc6 3. d4 exd4 4. Bc4 Bc5 5. c3 Nf6 6. cxd4 Bb4+ 7. Nbd2 Nxe4 8. d5 Ne7 9. O-O Nxd2 10. Nxd2 O-O 11. a3 Bxd2 12. Bxd2 d6 13. Re1 Ng6 14. Rc1 Bd7 15. Re3 Re8 16. Rg3 c5 17. dxc6 Bxc6 18. Bg5 Qd7 19. h4 d5 20. Bd3 Qd6 21. h5 Ne5 22. Bb1 d4 23. Qd2 Qd5 24. Bf6 Qxg2+ 25. Rxg2 Nf3+ 26. Kh1 Nxd2 27. Rxc6 Re1+ 28. Kh2 Nf3+ 29. Kg3 Ng5 30. Bxg5 bxc6 31. Bd3 Rb8 32. f3 Rd1 33. Bc4 h6 34. Bf4 Rd8 35. Re2 Kf8 36. Bd2 c5 37. b4 d3 38. Rg2 Rd4 39. Bb5 cxb4 40. Bxb4+ Kg8 41. Bd2 Rd5 42. a4 Re5 43. Bf4 Rc5 44. Rb2 Rc2 45. Rb4 d2 46. Bd3 Rc8 47. Bxd2 Rxd2 48. Bf5 Rcd8 49. Rb7 R2d5 50. Bc2 R5d7 51. Rb5 Rc7 52. Be4 Kf8 53. a5 Rd6 54. Kg4 Ke7 55. Re5+ Re6 56. Rd5 f6 57. Kf5 Re5+ 58. Rxe5+ fxe5 59. a6 Rc5 60. Kg6 Kf8 61. Bb7 e4 0-1

[Event "Kronborg Chess Open GM 2026"]
[Site "Helsingor"]
[Date "2026.05.14"]
[Round "3.2"]
[White "Kaasen, Tor Fredrik"]
[Black "Medhus, Vitus Bondo"]
[Result "1-0"]
[WhiteElo "2477"]
[BlackElo "2406"]
[WhiteFideId "1516647"]
[BlackFideId "1462547"]
[EventDate "2026.05.13"]
[EventType "tourn"]
[EventRounds "9"]
[EventCountry "DEN"]
[SourceTitle "Live v Helsingor Chess Club"]

1. e4 c5 2. Nf3 d6 3. d4 cxd4 4. Nxd4 Nf6 5. Nc3 a6 6. Be3 e6 7. Be2 b5 8. Bf3 e5 9. Nf5 d5 10. Bg5 Bxf5 11. exf5 e4 12. Nxd5 Qxd5 13. Qxd5 Nxd5 14. Bxe4 Nb6 15. Bxa8 Nxa8 16. O-O-O Be7 17. Rhe1 f6 18. Bf4 Nc6 19. Rd6 Ne5 20. Bxe5 Bxd6 21. Bxd6+ Kd7 22. Bb4 Nc7 23. Re7+ Kc6 24. Rxg7 Nd5 25. Bd2 h5 26. Kd1 h4 27. Rg6 Rh5 28. Rh6 Rxf5 29. f3 Re5 30. Rxh4 Re8 31. Rh7 b4 32. h4 f5 33. Rh6+ Kc5 34. Rxa6 f4 35. a3 bxa3 36. Rxa3 Rg8 37. Ra5+ Kc6 38. c4 Nb6 39. b3 Rxg2 40. Bxf4 Nd7 41. b4 Rf2 42. b5+ Kb7 43. Ra7+ Kc8 44. Ra8+ Kb7 45. Rd8 Nf6 46. Rb8+ Ka7 47. Be3+ 1-0

[Event "Kronborg Chess Open GM 2026"]
[Site "Helsingor"]
[Date "2026.05.14"]
[Round "3.3"]
[White "Eugene, Floryan"]
[Black "Sipila, Vilka"]
[Result "1-0"]
[WhiteElo "2489"]
[BlackElo "2471"]
[WhiteFideId "20694784"]
[BlackFideId "505455"]
[EventDate "2026.05.13"]
[EventType "tourn"]
[EventRounds "9"]
[EventCountry "DEN"]
[SourceTitle "Live v Helsingor Chess Club"]

1. e4 e5 2. Nf3 Nf6 3. d4 Nxe4 4. Bd3 d5 5. Nxe5 Nd7 6. Nxd7 Bxd7 7. O-O Bd6 8. Nc3 Nxc3 9. bxc3 O-O 10. Qh5 f5 11. Rb1 b6 12. Re1 c6 13. Bg5 Qc7 14. Re2 g6 15. Qh4 Rae8 16. Rbe1 Rxe2 17. Rxe2 Re8 18. Be7 c5 19. Qf6 Bxh2+ 20. Kh1 Bf4 21. c4 Qc6 22. Qh4 Be6 23. Qf6 Bd7 24. Qh4 Be6 25. Qxf4 Rxe7 26. Qb8+ Kf7 27. Qh8 cxd4 28. Qxh7+ Kf6 29. Qh8+ Kf7 30. cxd5 Qxd5 31. a4 Re8 32. Qh7+ Kf6 33. Bb5 Rg8 34. f4 Bf7 35. Re5 Qa2 36. Bd3 Qa3 37. Qh6 Re8 38. Rxf5+ Ke7 39. Rxf7+ Kxf7 40. Bxg6+ Ke7 41. Qg5+ Kd7 42. Qb5+ Kd6 43. Qxe8 Qc1+ 44. Kh2 Qxf4+ 45. Kh3 Qf6 46. Kg4 Kc5 47. Qb5+ Kd6 48. Qf5 Qh8 49. Kg5 Qh1 50. Qf8+ Kd5 51. Bf7+ Kc6 52. Qh6+ Qxh6+ 53. Kxh6 1-0

[Event "Kronborg Chess Open GM 2026"]
[Site "Helsingor"]
[Date "2026.05.14"]
[Round "3.4"]
[White "Chatalbashev, Boris"]
[Black "Ostensen, Nicolai Maxime"]
[Result "1/2-1/2"]
[WhiteElo "2530"]
[BlackElo "2405"]
[WhiteFideId "2900440"]
[BlackFideId "1546970"]
[EventDate "2026.05.13"]
[EventType "tourn"]
[EventRounds "9"]
[EventCountry "DEN"]
[SourceTitle "Live v Helsingor Chess Club"]

1. c4 Nf6 2. Nc3 e5 3. Nf3 Nc6 4. g3 g6 5. Bg2 Bg7 6. d4 exd4 7. Nxd4 O-O 8. O-O Re8 9. Nxc6 bxc6 10. c5 Qe7 11. Be3 Rb8 12. b3 Ba6 13. Rc1 Ng4 14. Bd4 Ne5 15. Rc2 Rb4 16. Be3 h5 17. Qd2 Reb8 18. h3 f5 19. Rd1 Bc8 20. Bg5 Bf6 21. Bxf6 Qxf6 22. e4 h4 23. f4 Nf7 24. e5 Qe7 25. Ne2 hxg3 26. Qe3 Qh4 27. Nd4 Nd8 28. a3 Rxd4 29. Rxd4 Ne6 30. Ra4 a6 31. Rc3 Kg7 32. Rac4 a5 33. Qxg3 Qxg3 34. Rxg3 Ba6 35. Ra4 Bb5 36. Rxa5 Nxf4 37. Bf1 Bxf1 38. Kxf1 Kf7 39. Ra7 Nd5 40. a4 f4 41. Rd3 Ke6 42. a5 Rb5 43. Ra8 Kf5 44. a6 Ke4 45. Rxd5 cxd5 46. c6 Ke3 47. Rf8 dxc6 48. a7 Rxb3 49. Rb8 Rc3 50. Rb1 Ra3 51. e6 Rxa7 52. e7 Ra8 53. e8=Q+ Rxe8 54. Re1+ Kd3 55. Rxe8 c5 56. Re5 c6 57. Re6 c4 58. Rxg6 c3 59. Rxc6 d4 60. h4 Kc2 61. h5 d3 62. Rd6 d2 63. Ke2 f3+ 64. Kxf3 d1=Q+ 65. Rxd1 Kxd1 66. h6 c2 67. h7 c1=Q 68. h8=Q Qa3+ 69. Ke4 1/2-1/2

[Event "Kronborg Chess Open GM 2026"]
[Site "Helsingor"]
[Date "2026.05.14"]
[Round "3.5"]
[White "Wang, Hao(ZJ)"]
[Black "Kunin, Vitaly"]
[Result "1/2-1/2"]
[WhiteElo "2426"]
[BlackElo "2507"]
[WhiteFideId "8631859"]
[BlackFideId "4128737"]
[EventDate "2026.05.13"]
[EventType "tourn"]
[EventRounds "9"]
[EventCountry "DEN"]
[SourceTitle "Live v Helsingor Chess Club"]

1. Nf3 Nf6 2. c4 e6 3. g3 a6 4. Bg2 b5 5. b3 Bb7 6. Bb2 c5 7. O-O Be7 8. e3 O-O 9. Qe2 Nc6 10. Rd1 d5 11. d4 bxc4 12. bxc4 cxd4 13. cxd5 Nxd5 14. Nxd4 Nxd4 15. Bxd4 Bf6 16. Nc3 Bxd4 17. Bxd5 Bxc3 18. Bxb7 Bxa1 19. Rxd8 Raxd8 20. Qxa6 Bc3 21. a4 g6 22. Qb6 Rd2 23. a5 Rb2 24. Qxb2 Bxb2 25. a6 Ba3 26. a7 Bc5 27. a8=Q Rxa8 28. Bxa8 Kg7 29. Kg2 Bb6 30. Bc6 Bc5 1/2-1/2

[Event "Kronborg Chess Open GM 2026"]
[Site "Helsingor"]
[Date "2026.05.14"]
[Round "4.1"]
[White "Pajeken, Jakob Leon"]
[Black "Eugene, Floryan"]
[Result "0-1"]
[WhiteElo "2472"]
[BlackElo "2489"]
[WhiteFideId "12942839"]
[BlackFideId "20694784"]
[EventDate "2026.05.13"]
[EventType "tourn"]
[EventRounds "9"]
[EventCountry "DEN"]
[SourceTitle "Live v Helsingor Chess Club"]

1. Nf3 d5 2. g3 Nf6 3. Bg2 e6 4. d4 Be7 5. c4 O-O 6. Nc3 Nbd7 7. Qd3 c5 8. cxd5 exd5 9. O-O Re8 10. Bg5 c4 11. Qc2 h6 12. Bxf6 Nxf6 13. b3 cxb3 14. Qxb3 Be6 15. Ne5 Qa5 16. Rfc1 Rac8 17. a3 Rc7 18. Na4 Rec8 19. Rxc7 Rxc7 20. Nd3 b6 21. Qd1 Bf5 22. Nab2 Ne4 23. a4 g5 24. e3 Kg7 25. f3 Nd2 26. Rc1 Rxc1 27. Qxc1 Bf6 28. Qc2 Nc4 29. Nxc4 dxc4 30. Qxc4 Qd2 31. e4 Qe3+ 32. Kf1 Bxd4 33. exf5 Qg1+ 34. Ke2 Qxg2+ 35. Kd1 Qxf3+ 36. Kc2 Bf6 37. Kb3 Qxf5 38. Qa6 Qf1 39. Kc4 Qe2 40. h3 Qa2+ 41. Kb5 Qd5+ 42. Kb4 Qd6+ 43. Kc4 Qc6+ 44. Kb3 Qc3+ 45. Ka2 Qc2+ 0-1

[Event "Kronborg Chess Open GM 2026"]
[Site "Helsingor"]
[Date "2026.05.14"]
[Round "4.2"]
[White "Kaasen, Tor Fredrik"]
[Black "Hector, Jonny"]
[Result "1-0"]
[WhiteElo "2477"]
[BlackElo "2408"]
[WhiteFideId "1516647"]
[BlackFideId "1700090"]
[EventDate "2026.05.13"]
[EventType "tourn"]
[EventRounds "9"]
[EventCountry "DEN"]
[SourceTitle "Live v Helsingor Chess Club"]

1. d4 d5 2. c4 c6 3. Nf3 Nf6 4. e3 Bf5 5. Nc3 e6 6. Nh4 Be7 7. Nxf5 exf5 8. h3 h5 9. Bd2 Nbd7 10. cxd5 cxd5 11. Qf3 Ne4 12. Qxf5 Ndf6 13. Bd3 g6 14. Qf3 Nxd2 15. Kxd2 Bb4 16. Rhc1 Rc8 17. Ke2 O-O 18. Rc2 Bxc3 19. bxc3 Rc6 20. c4 dxc4 21. Rxc4 Nd5 22. Kf1 Qa5 23. Qe2 Nc3 24. Qd2 Rxc4 25. Bxc4 Rc8 26. Qd3 Kg7 27. d5 Qb4 28. Bb3 a5 29. d6 Rd8 30. d7 Ne4 31. Qd5 Qe7 32. Rd1 b5 33. Qd4+ Kg8 34. Qb6 Qf6 35. Qxf6 Nxf6 36. Rd6 Kg7 37. Rb6 Rxd7 38. Rxb5 Ne4 39. Rxa5 Rd2 40. Ke1 Rb2 41. Ra7 Rb1+ 42. Ke2 Rb2+ 43. Kd3 Nc5+ 44. Kc3 Rxf2 45. Bd5 Kf8 46. a4 Ne6 47. a5 Re2 48. Kd3 Re1 49. Bxe6 fxe6 50. a6 Ra1 51. h4 Kg8 52. Ra8+ Kg7 53. a7 Ra4 54. e4 e5 55. Kc3 Kh7 56. Kb3 Ra1 57. Kb4 Kg7 58. Kc5 Kh7 59. Kd5 Ra5+ 60. Kd6 Kg7 61. Ke6 Kh7 62. Kf6 1-0

[Event "Kronborg Chess Open GM 2026"]
[Site "Helsingor"]
[Date "2026.05.14"]
[Round "4.3"]
[White "Sipila, Vilka"]
[Black "Chatalbashev, Boris"]
[Result "1-0"]
[WhiteElo "2471"]
[BlackElo "2530"]
[WhiteFideId "505455"]
[BlackFideId "2900440"]
[EventDate "2026.05.13"]
[EventType "tourn"]
[EventRounds "9"]
[EventCountry "DEN"]
[SourceTitle "Live v Helsingor Chess Club"]

1. e4 g6 2. d4 Bg7 3. Nc3 d6 4. f4 Nf6 5. Nf3 O-O 6. Bd3 Na6 7. O-O c5 8. d5 Rb8 9. Kh1 Bg4 10. h3 Bxf3 11. Rxf3 Nc7 12. a4 b6 13. Nb5 a6 14. Nxc7 Qxc7 15. Bxa6 Nxe4 16. Raa3 e6 17. dxe6 fxe6 18. Rae3 d5 19. Bd3 Rbd8 20. Qe1 Rd6 21. Bxe4 dxe4 22. Rxe4 Qd7 23. Rf1 Rd8 24. Qh4 Qf7 25. Rfe1 Qf5 26. Kh2 Bf6 27. Qg3 h5 28. Qe3 Kf7 29. Qe2 h4 30. Re5 Bxe5 31. fxe5 Rd4 32. Rf1 Re4 33. Qa6 Rd1 34. Qb7+ Ke8 35. Rxf5 1-0